000 01028nam a2200253Ia 4500
001 ebr10071365
003 CaPaEBR
006 m u
007 cr cn|||||||||
008 840306s1997 dcu s 000 0 eng d
020 _z030905835X
040 _aCaPaEBR
_cCaPaEBR
035 _a(OCoLC)70751535
050 1 4 _aT14.5
_b.S35 1997eb
245 0 0 _aScience, technology and the economy
_h[electronic resource] /
_cProceedings of the National Academy of Sciences of the United States of America.
260 _aWashington, D.C. :
_bNational Academy Press,
_c1997.
300 _a103 p.
533 _aElectronic reproduction.
_bPalo Alto, Calif. :
_cebrary,
_d2009.
_nAvailable via World Wide Web.
_nAccess may be limited to ebrary affiliated libraries.
650 0 _aTechnology
_xSocial aspects.
650 0 _aResearch.
655 7 _aElectronic books.
_2local
710 2 _aebrary, Inc.
856 4 0 _uhttp://site.ebrary.com/lib/rucke/Doc?id=10071365
_zAn electronic book accessible through the World Wide Web; click to view
999 _c33233
_d33233